| 000 | 00552nam a2200169 4500 | ||
|---|---|---|---|
| 008 | 220302b |||||||| |||| 00| 0 eng d | ||
| 020 | _a9780739068755 | ||
| 050 |
_aMT 588 _b.K55 2010 |
||
| 110 | _aIdiot's Guides | ||
| 245 | _aThe complete idiot's guide to classical guitar favorites. | ||
| 260 |
_aLos Angeles : _bAlfred Music Pub. Co., Inc., _c©2010. |
||
| 300 |
_a1 score (viii, 168 p.) : _b ill. ; _c31cm |
||
| 650 | _aGuitar | ||
| 650 | _aMusic | ||
| 700 |
_aThomas Kikta _cEditor |
||
| 942 |
_2lcc _cBOOKS _hMT 588 .K55 2010 |
||
| 999 |
_c31361 _d31361 |
||